000 004690000a22001690004500
090 _aAR
_b02616
245 1 0 _aCyclopes didactylus in british Honduras
650 1 4 _aMamíferos
_992510
650 1 4 _aNuevos registros
_994719
651 4 _dOaxaca
_pMéxico
_992749
653 _gCyclopes
_eCyclopes didactylus
041 0 _aInglés
700 1 _aCarter, Dilford C.
_994546
100 1 _aJones, J. Knox
_99498
942 _cARTICULO
773 1 _tMammalia
_3204
_q535-536
_d1970
999 _c11679
_d11679